┼ Janko Cádra ...

Krátka správa o smrti slovenského spisovateľa a maliara, myjavského rodáka Janka Cádru 7.10.1927 v Bissone vo Svajčiarsku a nekrológ

Bibliographic Details
Format: Article
Language:Slovak
Subjects:

MARC

LEADER 00000nab a22000001a 4500
001 vtls008997150
003 SK-MaSNL
005 20260303065759.0
008 131021d1927 xo |r|p|||| |000 b|slo
015 |a SNBRRBVU1918-1938 
038 |a SNKBUCL 
040 |a SNKBUVU  |b slo  |c SNKBUCL  |e AACR2 
041 0 |a slo 
044 |a xo  |c SK 
080 |a 75.071.1  |2 1997 
080 |a 82:929:821.162.4  |2 1997 
080 |a 929 Cádra, Ján  |2 1997 
245 0 0 |a ┼ Janko Cádra ... 
500 |a V rubrike Kronika 
500 |a Cádra, Ján - slov. publicista, prekladateľ a maliar (6.12.1882 Myjava - 7.10.1927 Bisson, Švajčiarsko). Autor článkov o hudbe, výtvarnom umení, kultúrnom živote. Po r. 1918 bol tajomníkom franc. spisovateľa a kritika Wiliama Rittera 
520 |a Krátka správa o smrti slovenského spisovateľa a maliara, myjavského rodáka Janka Cádru 7.10.1927 v Bissone vo Svajčiarsku a nekrológ 
600 1 7 |a Cádra, Ján,  |d 1882-1927  |2 MM  |9 81760 
655 7 |a nekrológy  |2 MM  |9 402542 
773 0 |t Hlásnik  |g Roč. 8, č. 42 (14.10.1927), s. 5 
773 0 |t Slovenské pohľady  |g Roč. 43, č. 12 (1927), s. 687-689 
852 |a SNK  |b KIS3GCP 
910 |a snkrbvumm 
958 |a VY 
958 |a BX 
999 |c 1752672  |d 1754602